Handbook of antimicrobial therapy
Contents: Antibacterial drugs, antituberculosis drugs, antiviral drugs, drugs for sexually transmitted diseases, antifungal drugs, antiparasitic drugs,...
Sparad:
| Institutionell upphovsman: | |
|---|---|
| Materialtyp: | Bok |
| Språk: | Undetermined |
| Publicerad: |
New Rochelle, N.Y.
Medical Letter, Inc.
1996
|
| Ämnen: | |
| Taggar: |
Lägg till en tagg
Inga taggar, Lägg till första taggen!
|
| Thư viện lưu trữ: | Trung tâm Học liệu Trường Đại học Cần Thơ |
|---|
| LEADER | 00753nam a2200217Ia 4500 | ||
|---|---|---|---|
| 001 | CTU_158271 | ||
| 008 | 210402s9999 xx 000 0 und d | ||
| 020 | |c 45 | ||
| 082 | |a 615.1 | ||
| 082 | |b M489 | ||
| 110 | |a Medical Letter, Inc. | ||
| 245 | 0 | |a Handbook of antimicrobial therapy | |
| 245 | 0 | |c Medical Letter, Inc. | |
| 260 | |a New Rochelle, N.Y. | ||
| 260 | |b Medical Letter, Inc. | ||
| 260 | |c 1996 | ||
| 520 | |a Contents: Antibacterial drugs, antituberculosis drugs, antiviral drugs, drugs for sexually transmitted diseases, antifungal drugs, antiparasitic drugs,... | ||
| 650 | |a Drug Interactions,Drug therapy,Pharmacology | ||
| 650 | |x Handbooks,Handbooks | ||
| 904 | |i Giang | ||
| 980 | |a Trung tâm Học liệu Trường Đại học Cần Thơ | ||